| 000 | 00723nac a22002051u 4500 | ||
|---|---|---|---|
| 020 | _a0072824638 | ||
| 082 |
_a333.332 _bLIN |
||
| 090 |
_c6604 _d6604 |
||
| 100 | _a Ling, David C. | ||
| 245 |
_aReal estate principles : _b a value approach / . _c David C. Ling and Wayne R. Archer |
||
| 260 |
_aBoston ; _bMcGraw-Hill/Irwin, 2005 _c2005 |
||
| 300 |
_a705p.: _bill.; _c24 cm. |
||
| 440 | _aMcGraw-Hill series in finance, insurance, and real estate | ||
| 500 | _adistributer: Al-Ahram | ||
| 504 | _aIncludes bibliographical references and index. | ||
| 511 | _acatalogue by: wessam | ||
| 650 | _aReal estate business. | ||
| 700 | _aArcher, Wayne R. | ||
| 942 |
_cBB _k333.332 LIN |
||
| 999 |
_c6604 _d6604 |
||